<?xml version="1.0" encoding="UTF-8"?>
<record
    xmlns:xsi="http://www.w3.org/2001/XMLSchema-instance"
    xsi:schemaLocation="http://www.loc.gov/MARC21/slim http://www.loc.gov/standards/marcxml/schema/MARC21slim.xsd"
    xmlns="http://www.loc.gov/MARC21/slim">

  <leader>00528nam a22001817a 4500</leader>
  <controlfield tag="005">20250301144056.0</controlfield>
  <controlfield tag="008">250301b        |||||||| |||| 00| 0 eng d</controlfield>
  <datafield tag="020" ind1=" " ind2=" ">
    <subfield code="a">9789392242694</subfield>
  </datafield>
  <datafield tag="041" ind1=" " ind2=" ">
    <subfield code="a">Eng</subfield>
  </datafield>
  <datafield tag="082" ind1=" " ind2=" ">
    <subfield code="2">1 Ed</subfield>
    <subfield code="a"> 610.73678 /KAU</subfield>
  </datafield>
  <datafield tag="100" ind1=" " ind2=" ">
    <subfield code="a"> KAUR RAMANDEEP</subfield>
    <subfield code="9">211483</subfield>
  </datafield>
  <datafield tag="245" ind1=" " ind2=" ">
    <subfield code="a">TEXTBOOK OF MIDWIFERY/OBSTETRICS &amp; GYNECOLOGY (OBG) NURSING-1 </subfield>
  </datafield>
  <datafield tag="260" ind1=" " ind2=" ">
    <subfield code="a"> New Delhi </subfield>
    <subfield code="b">Vision Publication</subfield>
    <subfield code="c">2024</subfield>
  </datafield>
  <datafield tag="300" ind1=" " ind2=" ">
    <subfield code="a">610 Pg</subfield>
  </datafield>
  <datafield tag="365" ind1=" " ind2=" ">
    <subfield code="a">Rs</subfield>
    <subfield code="b">834</subfield>
    <subfield code="c">Rs</subfield>
  </datafield>
  <datafield tag="650" ind1=" " ind2=" ">
    <subfield code="a">MIDWIFERY/OBSTETRICS &amp; GYNECOLOGY</subfield>
    <subfield code="9">211484</subfield>
  </datafield>
  <datafield tag="942" ind1=" " ind2=" ">
    <subfield code="c">DB</subfield>
  </datafield>
  <datafield tag="999" ind1=" " ind2=" ">
    <subfield code="c">365332</subfield>
    <subfield code="d">365332</subfield>
  </datafield>
  <datafield tag="952" ind1=" " ind2=" ">
    <subfield code="0">0</subfield>
    <subfield code="1">0</subfield>
    <subfield code="2">ddc</subfield>
    <subfield code="4">0</subfield>
    <subfield code="7">0</subfield>
    <subfield code="a">SNCN</subfield>
    <subfield code="b">SNCN</subfield>
    <subfield code="d">2025-03-24</subfield>
    <subfield code="e">Donated by Ms. Bharati Mandaokar, Nagpur</subfield>
    <subfield code="g">877.00</subfield>
    <subfield code="i">IK#2024-25#00406</subfield>
    <subfield code="l">10</subfield>
    <subfield code="m">1</subfield>
    <subfield code="o"> 610.73678 /KAU</subfield>
    <subfield code="p">SNCN-DB-265</subfield>
    <subfield code="r">2025-10-27 12:12:34</subfield>
    <subfield code="s">2025-09-26</subfield>
    <subfield code="v">877.00</subfield>
    <subfield code="w">2025-03-21</subfield>
    <subfield code="y">DB</subfield>
  </datafield>
</record>
